Microeconomics: Private and Public Choice (Record no. 395944)
[ view plain ]
| 000 -LEADER | |
|---|---|
| fixed length control field | 00373 a2200133 4500 |
| 000 - LEADER | |
| fixed length control field | nam a22 7a 4500 |
| 100 ## - MAIN ENTRY--PERSONAL NAME | |
| Personal name | Darshana Kumari |
| 110 ## - MAIN ENTRY--CORPORATE NAME | |
| Corporate name or jurisdiction name as entry element | Darshana Kumari |
| 245 ## - TITLE STATEMENT | |
| Title | Microeconomics: Private and Public Choice |
| 250 ## - EDITION STATEMENT | |
| Edition statement | Latest edition |
| 260 ## - PUBLICATION, DISTRIBUTION, ETC. | |
| Name of publisher, distributor, etc. | SCIENTIFIC BOOKS INTERNATIONAL |
| Date of publication, distribution, etc. | 2026 |
| 264 ## - PRODUCTION, PUBLICATION, DISTRIBUTION, MANUFACTURE, AND COPYRIGHT NOTICE | |
| Name of producer, publisher, distributor, manufacturer | SCIENTIFIC BOOKS INTERNATIONAL |
| Date of production, publication, distribution, manufacture, or copyright notice | 2026 |
| 942 ## - ADDED ENTRY ELEMENTS (KOHA) | |
| Koha item type | Books |
| Date last seen | Total checkouts | Barcode | Cost, replacement price | Price effective from | Koha item type | Lost status | Source of classification or shelving scheme | Damaged status | Not for loan | Withdrawn status | Home library | Current library | Date acquired | Source of acquisition | Cost, normal purchase price |
|---|---|---|---|---|---|---|---|---|---|---|---|---|---|---|---|
| 19/02/2026 | 438537 | 4995.00 | 19/02/2026 | Books | Dewey Decimal Classification | VIVEKANANDA LIBRARY | VIVEKANANDA LIBRARY | 19/02/2026 | 25 | 3746.25 |
